Pink Floyd Album Covers - Click Quiz - Statistics

General Stats
  • This quiz has been taken 1,615 times
  • The average score is 11 of 15
Answer Stats
Hint Answer % Correct
The Dark Side of the Moon
95%
The Wall
94%
Wish You Were Here
88%
The Division Bell
81%
Animals
77%
The Endless River
75%
Atom Heart Mother
73%
Meddle
67%
The Final Cut
65%
A Momentary Lapse of Reason
64%
The Piper at the Gates of Dawn
63%
Ummagumma
60%
Obscured by Clouds
56%
More
55%
A Saucerful of Secrets
50%
No matching quizzes found
Score Distribution
Percent of People with Each Score
Percentile by Number Answered
Your Score History
You have not taken this quiz